Principal Component Analysis in the Nonlinear Dynamics of Beams: Purification of the Signal from Noise Induced by the Nonlinearity of Beam Vibrations; Advances in Mathematical Physics; Vol. 2017

গ্রন্থ-পঞ্জীর বিবরন
Parent link:Advances in Mathematical Physics: Scientific Journal
Vol. 2017.— 2017.— [3038179, 9 p.]
সংস্থা লেখক: Национальный исследовательский Томский политехнический университет (ТПУ) Институт кибернетики (ИК) Кафедра инженерной графики и промышленного дизайна (ИГПД) Научно-учебная лаборатория 3D моделирования (НУЛ 3DМ)
অন্যান্য লেখক: Krysko A. V. Anton Vadimovich, Awrejcewicz J. Jan, Papkova V. Irina, Szymanowska O. Olga, Krysko V. A. Vadim
সংক্ষিপ্ত:Title screen
The paper discusses the impact of the von Karman type geometric nonlinearity introduced to a mathematical model of beam vibrations on the amplitude-frequency characteristics of the signal for the proposed mathematical models of beam vibrations. An attempt is made to separate vibrations of continuous mechanical systems subjected to a harmonic load from noise induced by the nonlinearity of the system by employing the principal component analysis (PCA). Straight beams lying on Winkler foundations are analysed. Differential equations are obtained based on the Bernoulli-Euler, Timoshenko, and Sheremetev-Pelekh-Levinson-Reddy hypotheses. Solutions to linear and nonlinear differential equations are found using the principal component analysis (PCA).
ভাষা:ইংরেজি
প্রকাশিত: 2017
বিষয়গুলি:
অনলাইন ব্যবহার করুন:http://earchive.tpu.ru/handle/11683/38244
https://doi.org/10.1155/2017/3038179
বিন্যাস: বৈদ্যুতিক গ্রন্থের অধ্যায়
KOHA link:https://koha.lib.tpu.ru/cgi-bin/koha/opac-detail.pl?biblionumber=653520

MARC

LEADER 00000naa0a2200000 4500
001 653520
005 20250227141224.0
035 |a (RuTPU)RU\TPU\network\18992 
090 |a 653520 
100 |a 20170310d2017 k||y0rusy50 ba 
101 0 |a eng 
102 |a US 
135 |a drnn ---uucaa 
181 0 |a i  
182 0 |a b 
200 1 |a Principal Component Analysis in the Nonlinear Dynamics of Beams: Purification of the Signal from Noise Induced by the Nonlinearity of Beam Vibrations  |f A. V. Krysko [et al.] 
203 |a Text  |c electronic 
300 |a Title screen 
320 |a [References: 17 tit.] 
330 |a The paper discusses the impact of the von Karman type geometric nonlinearity introduced to a mathematical model of beam vibrations on the amplitude-frequency characteristics of the signal for the proposed mathematical models of beam vibrations. An attempt is made to separate vibrations of continuous mechanical systems subjected to a harmonic load from noise induced by the nonlinearity of the system by employing the principal component analysis (PCA). Straight beams lying on Winkler foundations are analysed. Differential equations are obtained based on the Bernoulli-Euler, Timoshenko, and Sheremetev-Pelekh-Levinson-Reddy hypotheses. Solutions to linear and nonlinear differential equations are found using the principal component analysis (PCA). 
461 |t Advances in Mathematical Physics  |o Scientific Journal 
463 |t Vol. 2017  |v [3038179, 9 p.]  |d 2017 
610 1 |a электронный ресурс 
610 1 |a труды учёных ТПУ 
610 1 |a балки 
610 1 |a нелинейные колебания 
610 1 |a шумы 
701 1 |a Krysko  |b A. V.  |c specialist in the field of Informatics and computer engineering  |c programmer Tomsk Polytechnic University, Professor, doctor of physico-mathematical Sciences  |f 1967-  |g Anton Vadimovich  |3 (RuTPU)RU\TPU\pers\36883 
701 1 |a Awrejcewicz  |b J.  |g Jan 
701 1 |a Papkova  |b V.  |g Irina 
701 1 |a Szymanowska  |b O.  |g Olga 
701 1 |a Krysko  |b V. A.  |g Vadim 
712 0 2 |a Национальный исследовательский Томский политехнический университет (ТПУ)  |b Институт кибернетики (ИК)  |b Кафедра инженерной графики и промышленного дизайна (ИГПД)  |b Научно-учебная лаборатория 3D моделирования (НУЛ 3DМ)  |3 (RuTPU)RU\TPU\col\20373 
801 2 |a RU  |b 63413507  |c 20170505  |g RCR 
856 4 |u http://earchive.tpu.ru/handle/11683/38244 
856 4 |u https://doi.org/10.1155/2017/3038179 
942 |c CF